Multicultural jurisdictions : cultural differences and women's rights / (Record no. 425)

000 -LEADER
fixed length control field 01382cam a22003254a 4500
001 - CONTROL NUMBER
control field 12263747
003 - CONTROL NUMBER IDENTIFIER
control field OSt
005 - DATE AND TIME OF LATEST TRANSACTION
control field 20140116120827.0
008 - FIXED-LENGTH DATA ELEMENTS--GENERAL INFORMATION
fixed length control field 001221s2001 enk b 001 0 eng
010 ## - LIBRARY OF CONGRESS CONTROL NUMBER
LC control number 00054715
020 ## - INTERNATIONAL STANDARD BOOK NUMBER
International Standard Book Number 9780521776745
040 ## - CATALOGING SOURCE
Original cataloging agency DLC
Transcribing agency DLC
Modifying agency DLC
042 ## - AUTHENTICATION CODE
Authentication code pcc
050 00 - LIBRARY OF CONGRESS CALL NUMBER
Classification number K644.S53 2001
100 1# - MAIN ENTRY--PERSONAL NAME
Personal name Shachar, Ayelet,
Dates associated with a name 1966-
245 10 - TITLE STATEMENT
Title Multicultural jurisdictions : cultural differences and women's rights /
Statement of responsibility, etc Ayelet Shachar.
260 ## - PUBLICATION, DISTRIBUTION, ETC. (IMPRINT)
Place of publication, distribution, etc Cambridge, UK :
Name of publisher, distributor, etc Cambridge University Press,
Date of publication, distribution, etc 2001.
300 ## - PHYSICAL DESCRIPTION
Extent xiv, 193 p.
440 #0 - SERIES STATEMENT/ADDED ENTRY--TITLE
Title Contemporary political theory
504 ## - BIBLIOGRAPHY, ETC. NOTE
Bibliography, etc Includes bibliographical references and index.
650 #0 - SUBJECT ADDED ENTRY--TOPICAL TERM
Topical term or geographic name as entry element Women
General subdivision Legal status, laws, etc.
650 #0 - SUBJECT ADDED ENTRY--TOPICAL TERM
Topical term or geographic name as entry element Multiculturalism
General subdivision Law and legislation.
856 41 - ELECTRONIC LOCATION AND ACCESS
Materials specified Sample text
Uniform Resource Identifier <a href="http://www.loc.gov/catdir/samples/cam031/00054715.html">http://www.loc.gov/catdir/samples/cam031/00054715.html</a>
856 42 - ELECTRONIC LOCATION AND ACCESS
Materials specified Publisher description
Uniform Resource Identifier <a href="http://www.loc.gov/catdir/description/cam021/00054715.html">http://www.loc.gov/catdir/description/cam021/00054715.html</a>
856 41 - ELECTRONIC LOCATION AND ACCESS
Materials specified Table of contents
Uniform Resource Identifier <a href="http://www.loc.gov/catdir/toc/cam021/00054715.html">http://www.loc.gov/catdir/toc/cam021/00054715.html</a>
856 42 - ELECTRONIC LOCATION AND ACCESS
Materials specified Contributor biographical information
Uniform Resource Identifier <a href="http://www.loc.gov/catdir/enhancements/fy0731/00054715-b.html">http://www.loc.gov/catdir/enhancements/fy0731/00054715-b.html</a>
906 ## - LOCAL DATA ELEMENT F, LDF (RLIN)
a 7
b cbc
c orignew
d 1
e ocip
f 20
g y-gencatlg
942 ## - ADDED ENTRY ELEMENTS (KOHA)
Source of classification or shelving scheme
Koha item type Book
Holdings
Withdrawn status Lost status Source of classification or shelving scheme Damaged status Not for loan Home library Current library Date acquired Source of acquisition Total Checkouts Full call number Barcode Date last seen Copy number Price effective from Koha item type
          Riara University Library Riara University Library 19/10/2011 Purchase   K644.S53 2001 561/11 19/10/2011 C.1 19/10/2011 Book
          Riara University Library Riara University Library 19/10/2011 Purchase   K644.S53 2001 295/11 19/10/2011 C.2 19/10/2011 Book
          Riara University Library Riara University Library 19/10/2011 Purchase   K644.S53 2001 562/11 19/10/2011 C.3 19/10/2011 Book

Riara University Library,
P.O. Box 49940-00100,
Nairobi, Kenya.